| 000 | 00713nam a22001937a 4500 | ||
|---|---|---|---|
| 003 | NUST-PNEC | ||
| 005 | 20170116180726.0 | ||
| 008 | 141106b xxu||||| |||| 00| 0 eng d | ||
| 020 | _a8171418058 | ||
| 040 | _cPNEC | ||
| 082 | _a004 HAR | ||
| 100 |
_9924 _aHarshitha Digumarti |
||
| 245 |
_aMethods of teaching information technology _cDigumarti Harshitha; Digumarti Bhaskara Rao |
||
| 260 |
_aNew Delhi : _b Discovery Publishing House, _cc2004. |
||
| 300 |
_a369 p. ; _c23 cm. |
||
| 650 |
_xMIS _916243 _aInformation Technology |
||
| 856 | _uhttp://www.amazon.com/Methods-Teaching-Information-Technology-Harshitha/dp/8171418058/ref=sr_1_1?ie=UTF8&qid=1415257007&sr=8-1&keywords=8171418058 | ||
| 942 |
_2ddc _cBK |
||
| 999 |
_c61616 _d61616 |
||